Njaris hanjut dalam asmara palsu / (Record no. 65108)

MARC details
000 -LEADER
fixed length control field 00546cam a22002051a 4500
001 - CONTROL NUMBER
control field sa 65007187
003 - CONTROL NUMBER IDENTIFIER
control field DLC
005 - DATE AND TIME OF LATEST TRANSACTION
control field 20260227112148.0
008 - FIXED-LENGTH DATA ELEMENTS--GENERAL INFORMATION
fixed length control field 950414q19601969io a 000 1 ind
010 ## - LIBRARY OF CONGRESS CONTROL NUMBER
LC control number sa 65007187
025 ## - OVERSEAS ACQUISITION NUMBER
Overseas acquisition number PL480:Indo-1748
035 ## - SYSTEM CONTROL NUMBER
System control number (OCoLC)32306022
040 ## - CATALOGING SOURCE
Original cataloging agency DLC
Transcribing agency WU
Modifying agency DLC
042 ## - AUTHENTICATION CODE
Authentication code premarc
050 00 - LIBRARY OF CONGRESS CALL NUMBER
Classification number PL5089.S83
Item number N5
100 0# - MAIN ENTRY--PERSONAL NAME
Personal name Sutojo M. D.
245 10 - TITLE STATEMENT
Title Njaris hanjut dalam asmara palsu /
Statement of responsibility, etc. [oleh] Sutojo M.D.
260 ## - PUBLICATION, DISTRIBUTION, ETC.
Place of publication, distribution, etc. Tasikmalaja :
Name of publisher, distributor, etc. Swandjaja,
Date of publication, distribution, etc. [196-?]
300 ## - PHYSICAL DESCRIPTION
Extent 42 p. :
Other physical details ill. ;
Dimensions 16 cm.

No items available.

Powered by Koha